=LDR 00000nam 2200000 4500 =001 INLIS000000000028807 =005 20200910074112 =035 ##$$a 0010-061300000028807 =008 200910################g##########0#ind## =041 ##$$a Ind =082 ##$$a 2x5.1 =090 ##$$a 2x5.1, Alh r =100 ##$$a Alhilali, Majdi =245 1#$$a Reformasi diri /$c Majdi Al-Hilali ; Penerjemah, Abdurrosyad Shiddiq =260 ##$$a Bandung :$b Pustaka Anisah,$c 2005 =300 ##$$a 264 hlm. ; $c 16 x 10 cm. =650 #4$$a Akhlak =700 #$$a Siddiq, Abdurrosyad =850 ##$$a NBPNMAT =084 ##$$a 2x5.1 ALH r =250 ##$$a cet. 1 =990 ##$$a 50710136